[Event "USCL Seattle vs Miami"]
[Site "Internet Chess Club"]
[Date "2007.10.31"]
[Round "10"]
[White "Lugo, Blas"]
[Black "Mikhailuk, Slava"]
[Result "0-1"]
[WhiteElo "2430"]
[BlackElo "2433"]
[PlyCount "112"]
[EventDate "2007.??.??"]

1. e4 c5 2. Nf3 d6 3. d4 cxd4 4. Nxd4 Nf6 5. Nc3 Nc6 6. f3 e5 7. Nb3 Be7 8. Be3
Be6 9. Qd2 d5 10. exd5 Nxd5 11. Nxd5 Qxd5 12. Qxd5 Bxd5 13. O-O-O O-O-O 14. Bb5
Kb8 15. c4 Be6 16. Nc5 Bxc5 17. Bxc5 Nd4 18. Bxd4 Rxd4 19. Rxd4 exd4 20. b3 a6
21. Ba4 Rc8 22. Kd2 Rc5 23. Rc1 Rh5 24. h3 b5 25. g4 Rxh3 26. cxb5 axb5 27.
Bxb5 Rxf3 28. Be2 Rg3 29. Rf1 Bxg4 30. Bxg4 Rxg4 31. Rxf7 h5 32. Kd3 h4 33. b4
h3 34. Rf8+ Kb7 35. Rh8 Rg3+ 36. Kxd4 g5 37. Kc5 Rc3+ 38. Kb5 g4 39. Rh4 Rc1
40. a4 g3 41. a5 g2 42. a6+ Kc7 43. Rh7+ Kd6 44. Rh6+ Ke5 45. Rh5+ Kf4 46. a7
Ra1 47. Rxh3 g1=Q 48. Rh4+ Kf3 49. Rh3+ Ke2 50. Rc3 Qxa7 51. Kc4 Qa6+ 52. b5
Ra4+ 53. Kc5 Qc8+ 54. Kb6 Qxc3 55. Kb7 Qc5 56. b6 Rb4 0-1

[Event "USCL Seattle vs Miami"]
[Site "Internet Chess Club"]
[Date "2007.10.31"]
[Round "10"]
[White "Barredo, Luis"]
[Black "Lee, Michael"]
[Result "1-0"]
[WhiteElo "2160"]
[BlackElo "2240"]
[PlyCount "143"]
[EventDate "2007.??.??"]

1. d4 Nf6 2. Nf3 g6 3. c4 Bg7 4. Nc3 O-O 5. e4 d6 6. Be2 e5 7. O-O Nc6 8. d5
Ne7 9. Ne1 Nd7 10. f3 f5 11. g4 Kh8 12. h4 Nf6 13. Nd3 c6 14. Be3 b5 15. b3 a5
16. Nf2 b4 17. Na4 c5 18. a3 f4 19. Bd2 Bd7 20. Nb2 Qb6 21. Nbd3 Ra7 22. Qc2
Rfa8 23. Ra2 Ne8 24. Rfa1 h6 25. Be1 Bf6 26. Nd1 Nc8 27. Bf2 Qd8 28. axb4 axb4
29. Rxa7 Rxa7 30. Rxa7 Nxa7 31. Nxb4 Bxh4 32. Nd3 h5 33. gxh5 Bh3 34. Bxh4 Qxh4
35. Bf1 Qg3+ 36. Bg2 gxh5 37. Qf2 Qg7 38. Kh2 Bc8 39. Qh4 Nf6 40. N1f2 Kg8 41.
Bh3 Qg6 42. b4 cxb4 43. Nxb4 Bxh3 44. Nxh3 Nc8 45. Nc6 Kg7 46. Ng5 Nb6 47. c5
Nc4 48. cxd6 Kh6 49. Ne6 Ne3 50. Qh3 Nd7 51. Ne7 Qg3+ 52. Qxg3 Nf1+ 53. Kh3
Nxg3 54. Nc6 Kg6 55. Nxe5+ Nxe5 56. Nxf4+ Kf6 57. Kxg3 h4+ 58. Kxh4 Nxf3+ 59.
Kg3 Ng5 60. Nh5+ Ke5 61. d7 Nf7 62. Kf3 Kd6 63. Kf4 Kxd7 64. e5 Ke7 65. Ng7 Nd8
66. Nf5+ Kf7 67. Nd4 Ke8 68. e6 Nb7 69. Ke5 Na5 70. d6 Nc4+ 71. Kd5 Ne3+ 72.
Ke4 1-0

[Event "USCL Miami vs San Francisco"]
[Site "Internet Chess Club"]
[Date "2007.11.07"]
[Round "11"]
[White "Becerra, Julio"]
[Black "Wolff, Patrick"]
[Result "1/2-1/2"]
[WhiteElo "2634"]
[BlackElo "2623"]
[PlyCount "34"]
[EventDate "2007.??.??"]

1. e4 c5 2. Nf3 d6 3. d4 cxd4 4. Nxd4 Nf6 5. Nc3 Nc6 6. Bg5 e6 7. Qd2 Be7 8.
O-O-O Nxd4 9. Qxd4 O-O 10. f4 Qa5 11. Bc4 Bd7 12. e5 dxe5 13. Qxe5 Qb6 14. f5
Rac8 15. Bb3 Ng4 16. Qf4 Bxg5 17. Qxg5 Nf6 1/2-1/2

[Event "USCL Miami vs San Francisco"]
[Site "Internet Chess Club"]
[Date "2007.11.07"]
[Round "11"]
[White "Martinez, Marcel"]
[Black "Zilberstein, Dmitry"]
[Result "1-0"]
[WhiteElo "2462"]
[BlackElo "2453"]
[PlyCount "71"]
[EventDate "2007.??.??"]

1. e4 e5 2. Nf3 Nc6 3. Bb5 a6 4. Ba4 Nf6 5. O-O b5 6. Bb3 Bc5 7. a4 Rb8 8. axb5
axb5 9. c3 d6 10. d4 Bb6 11. Na3 O-O 12. Nxb5 exd4 13. cxd4 Bg4 14. Be3 Nxe4
15. Qc2 Qe8 16. Ba4 Bd7 17. Nc3 Nf6 18. Rfe1 Nb4 19. Qd2 Qc8 20. Bg5 Nfd5 21.
Bb3 Qb7 22. Bh6 f6 23. Re7 Rf7 24. Rxf7 Kxf7 25. Re1 Re8 26. Rxe8 Bxe8 27. Nxd5
Nxd5 28. Ng5+ Kf8 29. Bxg7+ Kg8 30. Bxf6 c6 31. Qe2 Qd7 32. Qe4 Bg6 33. Bxd5+
cxd5 34. Qxd5+ Kf8 35. Ne6+ Ke8 36. Nc5 1-0

[Event "USCL Philadelphia vs New York"]
[Site "Internet Chess Club"]
[Date "2007.11.07"]
[Round "11"]
[White "Zenyuk, Iryna"]
[Black "Wilson, Elvin"]
[Result "1-0"]
[WhiteElo "2185"]
[BlackElo "2240"]
[PlyCount "67"]
[EventDate "2007.??.??"]

1. d4 d5 2. Nf3 Nf6 3. c4 c6 4. Nc3 dxc4 5. a4 Bf5 6. e3 e6 7. Bxc4 Bb4 8. O-O
O-O 9. Qe2 Bg6 10. Ne5 Nbd7 11. Nxg6 hxg6 12. Rd1 Qa5 13. Na2 Qxa4 14. e4 Rfe8
15. Bg5 Qa5 16. f4 Be7 17. Qf3 Nh7 18. Bxe7 Rxe7 19. Nc3 Qh5 20. Qf2 g5 21. f5
e5 22. d5 c5 23. d6 Ree8 24. Bb5 Nhf6 25. Bxd7 Nxd7 26. Nd5 Red8 27. f6 Nxf6
28. Nxf6+ gxf6 29. Qxf6 Qg6 30. Qxe5 Re8 31. Qxc5 Rxe4 32. Rd5 f6 33. d7 Rd8
34. Qc7 1-0

[Event "USCL Philadelphia vs New York"]
[Site "Internet Chess Club"]
[Date "2007.11.07"]
[Round "11"]
[White "Costigan, Richard"]
[Black "Bonin, Jay"]
[Result "0-1"]
[WhiteElo "2287"]
[BlackElo "2360"]
[PlyCount "114"]
[EventDate "2007.??.??"]

1. d4 c5 2. c3 Qa5 3. Nd2 cxd4 4. cxd4 Nc6 5. e3 d5 6. Bd3 Nf6 7. Ne2 Bg4 8. h3
Bxe2 9. Qxe2 e6 10. O-O Bd6 11. a3 Rc8 12. f4 O-O 13. Nf3 Ne4 14. Bd2 Nxd2 15.
Nxd2 g6 16. Rf2 Rfe8 17. Raf1 Qd8 18. Nf3 f6 19. Nh4 Rc7 20. Qg4 Rg7 21. Nf3 a6
22. Qh4 e5 23. fxe5 fxe5 24. Qxd8 Rxd8 25. Ng5 Re7 26. e4 exd4 27. exd5 Ne5 28.
Be4 Rc8 29. Ne6 Rf7 30. Rxf7 Nxf7 31. Rd1 Be5 32. Bf3 Nd6 33. Nxd4 Rc4 34. Ne2
Bxb2 35. Rd3 Ra4 36. Re3 Bxa3 37. Re7 Bc5+ 38. Kh2 Ra1 39. Rd7 Ra4 40. g4 b5
41. Kg3 Nf7 42. d6 Ra3 43. Rb7 Ne5 44. Kf4 Bxd6 45. Bd5+ Kf8 46. Ke4 Rxh3 47.
Nf4 Rh4 48. Ne6+ Ke8 49. Ba2 Nc4 50. Bxc4 bxc4 51. Kd5 Be7 52. g5 c3 53. Rc7
Rh3 54. Nf4 Re3 55. Kd4 Bd6 56. Kxe3 Bxc7 57. Ne6 Be5 0-1

[Event "USCL Philadelphia vs New York"]
[Site "Internet Chess Club"]
[Date "2007.11.07"]
[Round "11"]
[White "Krush, Irina"]
[Black "Smith, Bryan"]
[Result "1-0"]
[WhiteElo "2512"]
[BlackElo "2442"]
[PlyCount "125"]
[EventDate "2007.??.??"]

1. d4 d5 2. c4 Nc6 3. Nf3 Bg4 4. Nc3 e6 5. cxd5 exd5 6. Bf4 Bxf3 7. gxf3 Bd6 8.
Bg3 Nge7 9. e3 Qd7 10. Bg2 Nd8 11. Qc2 c6 12. O-O-O Ne6 13. Kb1 O-O 14. Bf1
Rac8 15. Bxd6 Qxd6 16. f4 f5 17. Bg2 Kh8 18. h4 Rfd8 19. h5 h6 20. Ne2 Qb4 21.
Nc1 c5 22. Nd3 Qb6 23. dxc5 Nxc5 24. Nxc5 Rxc5 25. Qd3 Rdc8 26. Bf3 Qe6 27.
Rhg1 Rc4 28. b3 R4c5 29. Qd4 Qf7 30. Rg2 b6 31. Rdg1 Rg8 32. Qe5 a5 33. Qd6 Rc6
34. Qd7 a4 35. Rg6 Rxg6 36. Rxg6 axb3 37. axb3 d4 38. Re6 dxe3 39. fxe3 Re8 40.
Kb2 Qf8 41. Re5 Kh7 42. Be2 Rd8 43. Qxe7 Rd2+ 44. Kc3 Qxe7 45. Rxe7 Rxe2 46.
Re5 g6 47. Re7+ Kg8 48. hxg6 h5 49. Kd4 h4 50. Rh7 Rb2 51. Ke5 Rxb3 52. Kxf5
Rxe3 53. Rxh4 Re7 54. Rh3 b5 55. Rb3 Rb7 56. Rb4 Kg7 57. Kg5 Rb8 58. f5 Rb6 59.
Rd4 Rb8 60. Rd7+ Kg8 61. f6 b4 62. Rg7+ Kf8 63. Rh7 1-0

[Event "USCL Miami vs San Francisco"]
[Site "Internet Chess Club"]
[Date "2007.11.07"]
[Round "11"]
[White "Bhat, Vinay"]
[Black "Lugo, Blas"]
[Result "0-1"]
[WhiteElo "2465"]
[BlackElo "2430"]
[PlyCount "96"]
[EventDate "2007.??.??"]

1. d4 d5 2. c4 c6 3. Nc3 e5 4. dxe5 d4 5. Ne4 Qa5+ 6. Nd2 Nh6 7. Ngf3 Nf5 8. g3
Nd7 9. Bg2 Ne3 10. fxe3 dxe3 11. O-O exd2 12. Bxd2 Qc5+ 13. Kh1 Be7 14. Qc1
Nxe5 15. b4 Qd6 16. Bf4 f6 17. c5 Qe6 18. Qc3 a5 19. b5 cxb5 20. Nxe5 fxe5 21.
Bxe5 b4 22. Qd4 Bd7 23. Bd5 Qxd5+ 24. Qxd5 Bc6 25. e4 Bxd5 26. exd5 Bxc5 27.
Bxg7 Rg8 28. Rae1+ Kd7 29. Rf7+ Kd6 30. Rd1 Rae8 31. Bh6 Be3 32. Rxb7 Bxh6 33.
Rb6+ Kc5 34. Rc6+ Kb5 35. Rxh6 Re2 36. d6 Rd8 37. d7 Ka4 38. Rh5 Rxa2 39. Re5
Rf2 40. Re8 Rf8 41. Rxf8 Rxf8 42. d8=Q Rxd8 43. Rxd8 b3 44. Rb8 Ka3 45. g4 a4
46. g5 Kb2 47. h4 a3 48. h5 a2 0-1

[Event "USCL New York vs Boston"]
[Site "Internet Chess Club"]
[Date "2007.11.14"]
[Round "12"]
[White "Williams, Chris"]
[Black "Zenyuk, Iryna"]
[Result "1-0"]
[WhiteElo "2241"]
[BlackElo "2185"]
[PlyCount "103"]
[EventDate "2007.??.??"]

1. d4 Nf6 2. c4 g6 3. Nf3 Bg7 4. g3 O-O 5. Bg2 d6 6. O-O Nc6 7. Bd2 e5 8. d5
Nd4 9. Nxd4 exd4 10. Bc1 Re8 11. Re1 Ng4 12. h3 Ne5 13. Nd2 Qe7 14. Kf1 Bf5 15.
f4 Qd7 16. fxe5 Bxh3 17. e6 Bxg2+ 18. Kxg2 fxe6 19. e4 dxe3 20. Nf3 exd5 21.
Qxd5+ Kh8 22. Bxe3 c6 23. Qd2 Qf7 24. Rac1 Rf8 25. Rf1 c5 26. b3 Rae8 27. Rce1
Qc7 28. Bf4 Rxe1 29. Rxe1 Qf7 30. Qd5 Qf6 31. Qe6 Qc3 32. Re3 Qc2+ 33. Re2 Qc3
34. Qe3 Qf6 35. Rd2 Qf7 36. Ng5 Qf5 37. Rxd6 h6 38. Nf3 Kh7 39. Rd5 Qb1 40. Rd2
Rf5 41. g4 Rf7 42. Bg3 b6 43. Qd3 Qa1 44. Re2 Rf8 45. a4 Rf7 46. Re6 Qb2+ 47.
Kh3 Rf6 48. Be5 Rxf3+ 49. Qxf3 Bxe5 50. Qf7+ Bg7 51. Qxg6+ Kg8 52. Re8# 1-0

[Event "USCL New York vs Boston"]
[Site "Internet Chess Club"]
[Date "2007.11.14"]
[Round "12"]
[White "Bonin, Jay"]
[Black "Shmelov, Denys"]
[Result "1-0"]
[WhiteElo "2360"]
[BlackElo "2391"]
[PlyCount "141"]
[EventDate "2007.??.??"]

1. b3 Nf6 2. Bb2 e6 3. Nf3 b6 4. g3 Bb7 5. Bg2 c5 6. c4 Be7 7. O-O O-O 8. Nc3
d6 9. d4 cxd4 10. Nxd4 Bxg2 11. Kxg2 a6 12. Qd3 Qc7 13. Qf3 Ra7 14. Rac1 Nfd7
15. Rfd1 Ne5 16. Qe4 Nbd7 17. Kg1 Nc5 18. Qg2 Rc8 19. Qh3 Bf6 20. f4 Nc6 21.
Nxc6 Qxc6 22. Qg2 Qc7 23. g4 h6 24. h4 Bxh4 25. g5 hxg5 26. fxg5 Qe7 27. b4
Bxg5 28. bxc5 Be3+ 29. Kf1 Qf6+ 30. Qf3 Qxf3+ 31. exf3 Bxc1 32. cxb6 Rb7 33.
Bxc1 Rxb6 34. Be3 Rb2 35. c5 dxc5 36. Rd6 Rc2 37. Bd2 Kf8 38. Ke1 a5 39. Kd1
Rb2 40. Kc1 Rbb8 41. a4 Ke7 42. Ne4 Rd8 43. Ra6 Ra8 44. Rb6 Rdb8 45. Rb5 Rxb5
46. axb5 Rb8 47. Nc3 Kd6 48. Be3 f5 49. Kb2 Rh8 50. Na4 Rh2+ 51. Kb3 Rh3 52.
Kc4 Rxf3 53. Bxc5+ Kc7 54. Bb6+ Kb7 55. Bxa5 Rf4+ 56. Kb3 Rf3+ 57. Kc2 Rf2+ 58.
Kd3 Rf3+ 59. Ke2 Ra3 60. Nc5+ Ka8 61. Bb4 Ra2+ 62. Kd3 e5 63. Kc4 Ka7 64. Nd7
Rc2+ 65. Kd5 e4 66. Bc5+ Kb7 67. Be3 Re2 68. Bd4 g5 69. Nc5+ Kc8 70. b6 Rd2 71.
Kc6 1-0

[Event "USCL Miami vs Dallas"]
[Site "Internet Chess Club"]
[Date "2007.11.19"]
[Round "12"]
[White "Guadalupe II, Francisco"]
[Black "Barredo, Luis"]
[Result "1-0"]
[WhiteElo "2218"]
[BlackElo "2160"]
[PlyCount "111"]
[EventDate "2007.??.??"]

1. e4 e6 2. d4 d5 3. exd5 exd5 4. Bd3 c5 5. dxc5 Bxc5 6. Nf3 Nf6 7. O-O O-O 8.
Bg5 Nc6 9. Nc3 Bg4 10. Nxd5 Qxd5 11. Bxf6 Bxf3 12. gxf3 Qh5 13. Bc3 Qh4 14. Kh1
Bxf2 15. Qd2 Bd4 16. Rg1 Qf6 17. Bxd4 Nxd4 18. Rg3 Ne6 19. Rag1 g6 20. Qh6 Qg7
21. Qh4 Qxb2 22. f4 Qd4 23. Rh3 h5 24. f5 Qxh4 25. Rxh4 Nc5 26. Bc4 Kg7 27.
Rxh5 Ne4 28. Rh4 Rae8 29. Rf4 Re5 30. Bd3 Rfe8 31. fxg6 fxg6 32. Rgg4 Ng5 33.
h4 Nf7 34. Rxg6+ Kf8 35. Bc4 Re1+ 36. Kg2 R8e2+ 37. Bxe2 Rxe2+ 38. Kg3 Rxc2 39.
h5 Rc1 40. Rgf6 Rg1+ 41. Kh2 Rg7 42. h6 Rh7 43. Rxf7+ Rxf7 44. h7 Rxf4 45.
h8=Q+ Kf7 46. Qh7+ Kf6 47. a3 Rf2+ 48. Kg1 Ra2 49. Qxb7 Ra1+ 50. Kf2 Ra2+ 51.
Ke1 Ke5 52. Qxa7 Ke4 53. Qa4+ Ke5 54. Qb5+ Kd6 55. a4 Kc7 56. Qc4+ 1-0

[Event "USCL Miami vs Dallas"]
[Site "Internet Chess Club"]
[Date "2007.11.19"]
[Round "12"]
[White "Becerra, Julio"]
[Black "Boskovic, Drasko"]
[Result "0-1"]
[WhiteElo "2634"]
[BlackElo "2520"]
[PlyCount "124"]
[EventDate "2007.??.??"]

1. e4 c5 2. Nf3 Nc6 3. d4 cxd4 4. Nxd4 Qc7 5. Nc3 e6 6. Be3 a6 7. Be2 Nf6 8.
O-O Be7 9. f4 d6 10. Kh1 O-O 11. Qe1 Nxd4 12. Bxd4 b5 13. a3 Bb7 14. Qg3 Bc6
15. Bd3 e5 16. fxe5 Nh5 17. Qe3 dxe5 18. Bb6 Qb8 19. Bc5 Bxc5 20. Qxc5 Rc8 21.
Qf2 Qc7 22. Ne2 Qe7 23. Qe3 Bd7 24. Rf2 Rc6 25. Nc3 Nf4 26. Nd5 Nxd5 27. exd5
Rd6 28. b3 g6 29. c4 f5 30. Rd1 Re8 31. c5 Rxd5 32. Bc4 bxc4 33. Rxd5 cxb3 34.
Rfd2 Bc6 35. Rd6 Qb7 36. Qc3 f4 37. Rd8 Bxg2+ 38. Kg1 Bc6 39. Qxe5 Qf7 40. Kf2
a5 41. Qb8 Rxd8 42. Rxd8+ Kg7 43. Qe5+ Kh6 44. Rd3 Bd7 45. a4 Bg4 46. Qd4 Qf5
47. Rd2 Bh3 48. Ke1 g5 49. Kf2 Kh5 50. c6 Qg4 51. Qe4 Qh4+ 52. Ke2 Bg4+ 53. Kd3
Qh3+ 54. Kd4 Bf5 55. Qe2+ f3 56. Qe8+ Bg6 57. Qd7 Qh4+ 58. Kc3 f2 59. Rd1 b2
60. Rd4 b1=Q 61. Rxh4+ Kxh4 62. Qd4+ Kh5 0-1

[Event "USCL Dallas vs Boston"]
[Site "Internet Chess Club"]
[Date "2007.11.28"]
[Round "13"]
[White "Boskovic, Drasko"]
[Black "Christiansen, Larry"]
[Result "1/2-1/2"]
[WhiteElo "2520"]
[BlackElo "2669"]
[PlyCount "48"]
[EventDate "2007.??.??"]

1. e4 c5 2. Nf3 Nc6 3. d4 cxd4 4. Nxd4 Nf6 5. Nc3 e5 6. Ndb5 d6 7. Bg5 a6 8.
Na3 b5 9. Nd5 Be7 10. Bxf6 Bxf6 11. c3 Bg5 12. Nc2 Rb8 13. Be2 O-O 14. O-O g6
15. Ncb4 Nxb4 16. Nxb4 Bb7 17. Qd3 a5 18. Nd5 Bc6 19. Rad1 Kh8 20. Bf3 f5 21.
Ne3 Rf6 22. Nd5 Rf8 23. Ne3 Rf6 24. Nd5 Rf8 1/2-1/2

[Event "USCL Dallas vs Boston"]
[Site "Internet Chess Club"]
[Date "2007.11.28"]
[Round "13"]
[White "Stopa, Jacek"]
[Black "Shmelov, Denys"]
[Result "1/2-1/2"]
[WhiteElo "2433"]
[BlackElo "2391"]
[PlyCount "110"]
[EventDate "2007.??.??"]

1. Nc3 d5 2. e4 e6 3. g3 d4 4. Nce2 c5 5. d3 Nc6 6. Bg2 Bd6 7. f4 Nge7 8. Nf3
b6 9. O-O Bb7 10. c3 dxc3 11. bxc3 Qd7 12. Be3 O-O 13. g4 Rad8 14. Qe1 Bb8 15.
Rd1 Ba6 16. Nc1 f5 17. gxf5 exf5 18. e5 c4 19. dxc4 Qe6 20. Qh4 h6 21. Nb3 Bxc4
22. Rxd8 Nxd8 23. Rd1 Nd5 24. Bc1 Nc6 25. Nbd4 Nxd4 26. Nxd4 Qg6 27. Qh3 Bc7
28. Kh1 Bd8 29. Rg1 Qf7 30. Qg3 Ne7 31. a4 Kh7 32. Ba3 Rg8 33. Qh3 g6 34. Re1
Bd5 35. e6 Qf6 36. Bd6 Bxg2+ 37. Qxg2 g5 38. Qc2 gxf4 39. Bxe7 Bxe7 40. Qxf5+
Qxf5 41. Nxf5 Bc5 42. e7 Re8 43. Re6 f3 44. Rxh6+ Kg8 45. Rf6 Bxe7 46. Re6 Rd8
47. Nxe7+ Kf7 48. Re1 f2 49. Rf1 Kxe7 50. Rxf2 Rc8 51. Rc2 Rc4 52. Kg2 Rxa4 53.
c4 Ra3 54. h4 Kf6 55. c5 bxc5 1/2-1/2

[Event "USCL Dallas vs Boston"]
[Site "Internet Chess Club"]
[Date "2007.11.28"]
[Round "13"]
[White "Sammour-Hasbun, Jorge"]
[Black "Kuljasevic, Davorin"]
[Result "1-0"]
[WhiteElo "2576"]
[BlackElo "2491"]
[PlyCount "90"]
[EventDate "2007.??.??"]

1. e4 e6 2. d4 d5 3. Nc3 Nf6 4. e5 Nfd7 5. Nce2 c5 6. c3 Nc6 7. f4 Qb6 8. Nf3
Be7 9. a3 f6 10. h4 O-O 11. Rh3 cxd4 12. cxd4 Na5 13. b4 Nc4 14. Ng3 fxe5 15.
fxe5 Ndxe5 16. dxe5 Nxe5 17. Ra2 Nxf3+ 18. gxf3 e5 19. Rhh2 Be6 20. Rag2 Rf7
21. Bb2 a5 22. bxa5 Rxa5 23. Qd3 Bd6 24. Nh5 Qc7 25. Rg5 d4 26. Rhg2 Bf8 27.
Qe4 Bd5 28. Qxe5 Re7 29. Rxg7+ Bxg7 30. Rxg7+ Kf8 31. Rxe7 Qxe7 32. Qxe7+ Kxe7
33. f4 Be6 34. Ng3 Kd6 35. Bd3 h6 36. Kd2 Ra8 37. Ne2 Rg8 38. Bxd4 Rg4 39. Bf2
Ke7 40. Be4 b5 41. Ke3 Bc4 42. Nd4 Rg8 43. Nf5+ Kd7 44. Nxh6 Re8 45. Ng4 Kd6
1-0

[Event "USCL Dallas vs Boston"]
[Site "Internet Chess Club"]
[Date "2007.11.28"]
[Round "13"]
[White "Williams, Chris"]
[Black "Zorigt, Bayaraa"]
[Result "0-1"]
[WhiteElo "2241"]
[BlackElo "2056"]
[PlyCount "112"]
[EventDate "2007.??.??"]

1. d4 Nf6 2. c4 e6 3. Nf3 b6 4. g3 Ba6 5. b3 Bb4+ 6. Bd2 Be7 7. Bg2 c6 8. Nc3
d5 9. O-O Nbd7 10. Ne5 Nxe5 11. dxe5 Nd7 12. f4 Rc8 13. e4 dxc4 14. Qg4 O-O 15.
Rfd1 Qc7 16. Bf1 b5 17. Kh1 Nc5 18. Be3 Nd3 19. a4 b4 20. Bxd3 cxd3 21. Nb1 Qa5
22. Nd2 Bc5 23. Qf3 Rfd8 24. Rac1 Bd4 25. Nc4 Bxc4 26. Rxc4 Bc3 27. Bc5 d2 28.
h4 Rd7 29. h5 h6 30. Qg4 Rcd8 31. Bd6 Qb6 32. f5 exf5 33. exf5 Rxd6 34. exd6
Rxd6 35. Kg2 Qa5 36. Qe4 Rf6 37. g4 Qc7 38. Qe8+ Kh7 39. Re4 Qd6 40. Rc4 Be5
41. Re4 Bc3 42. Re3 Qd5+ 43. Qe4 Qd8 44. Rd3 Qb6 45. Rd7 Qb8 46. a5 a6 47. Rf1
c5 48. Kh3 Qb5 49. Qd3 Qxa5 50. Rxf7 Rxf7 51. f6+ Kg8 52. Qd5 Bxf6 53. g5 hxg5
54. h6 Qc7 55. Qa8+ Kh7 56. hxg7 Kxg7 0-1

[Event "USCL Blitz Tiebreak: Dallas vs Boston"]
[Site "Internet Chess Club"]
[Date "2007.11.28"]
[Round "13"]
[White "Williams, Chris"]
[Black "Zorigt, Bayaraa"]
[Result "1-0"]
[WhiteElo "2241"]
[BlackElo "2056"]
[PlyCount "87"]
[EventDate "2007.??.??"]

1. d4 Nf6 2. Nf3 e6 3. g3 b6 4. Bg2 Bb7 5. c4 Bb4+ 6. Bd2 Qe7 7. Nc3 c5 8. d5
Bxc3 9. Bxc3 exd5 10. Nh4 O-O 11. O-O Na6 12. cxd5 d6 13. Nf5 Qd8 14. e4 Bc8
15. Nxd6 Bg4 16. f3 Bd7 17. e5 Ne8 18. Ne4 Bb5 19. Re1 Nb4 20. Bxb4 cxb4 21. f4
Rc8 22. d6 Bc4 23. b3 Be6 24. Rc1 Rxc1 25. Qxc1 a5 26. Qe3 b5 27. Qc5 Qd7 28.
Ng5 h6 29. Bc6 Qd8 30. Nxe6 fxe6 31. Bxb5 Rf7 32. Bc4 Qd7 33. Qxa5 Rf8 34. Qxb4
g5 35. Qb5 Qa7+ 36. Kg2 gxf4 37. Bxe6+ Kg7 38. Qd7+ Qxd7 39. Bxd7 f3+ 40. Kf2
h5 41. Bxe8 Rxe8 42. Kxf3 Kf7 43. Ke4 Ke6 44. Rf1 1-0

[Event "USCL Blitz Tiebreak: Dallas vs Boston"]
[Site "Internet Chess Club"]
[Date "2007.11.28"]
[Round "13"]
[White "Stopa, Jacek"]
[Black "Williams, Chris"]
[Result "1-0"]
[WhiteElo "2433"]
[BlackElo "2241"]
[PlyCount "125"]
[EventDate "2007.??.??"]

1. Nf3 d5 2. g3 Nf6 3. Bg2 c6 4. O-O Bg4 5. d3 Nbd7 6. Nbd2 e5 7. e4 Bd6 8. h3
Bh5 9. Qe1 O-O 10. Nh4 Bg6 11. a4 Qc7 12. Qe2 h6 13. Nxg6 fxg6 14. c3 Kh8 15.
h4 Nc5 16. Rd1 Rad8 17. a5 Ne6 18. Nf1 a6 19. Bh3 Nc5 20. Nd2 Rde8 21. Bg2 Ne6
22. Nf1 Bc5 23. Be3 d4 24. Bd2 Nh5 25. c4 Qd8 26. Nh2 Be7 27. Qg4 Rf6 28. b4
Ref8 29. Rf1 Kh7 30. Rab1 Nhf4 31. gxf4 Nxf4 32. Rb3 h5 33. Qd1 Qd7 34. Nf3
Nxg2 35. Ng5+ Kh8 36. Kxg2 Rf3 37. Qxf3 Rxf3 38. Nxf3 Qg4+ 39. Kh2 Qxf3 40. Rg1
Qxf2+ 41. Rg2 Qxh4+ 42. Kg1 g5 43. Rb1 g4 44. Rf1 Bg5 45. Bxg5 Qxg5 46. Rf5
Qe3+ 47. Kh1 Qxd3 48. Rxh5+ Kg8 49. Rg5 Qxe4 50. R5xg4 Qh7+ 51. Kg1 d3 52. Kf2
e4 53. Ke3 d2 54. Kxd2 Qh6+ 55. Ke2 Qh5 56. Ke3 Qh3+ 57. Kxe4 Qh7+ 58. Ke5 Qh5+
59. Kd6 Qf5 60. Rxg7+ Kf8 61. Rg8+ Kf7 62. R2g7+ Kf6 63. Rf8+ 1-0

[Event "USCL Blitz Tiebreak: Dallas vs Boston"]
[Site "Internet Chess Club"]
[Date "2007.11.28"]
[Round "13"]
[White "Shmelov, Denys"]
[Black "Stopa, Jacek"]
[Result "0-1"]
[WhiteElo "2391"]
[BlackElo "2433"]
[PlyCount "112"]
[EventDate "2007.??.??"]

1. d4 g6 2. c4 Bg7 3. Nc3 d6 4. e4 Nf6 5. Nf3 O-O 6. Be2 Bg4 7. O-O Nfd7 8. Be3
a6 9. h3 Bxf3 10. Bxf3 c5 11. d5 b5 12. cxb5 axb5 13. Nxb5 Bxb2 14. Rb1 Bg7 15.
a3 Na6 16. Be2 Nf6 17. Qc2 Nc7 18. a4 Na6 19. Bd2 e5 20. Na3 Nd7 21. Nc4 Qe7
22. Rb7 Rfb8 23. Rxb8+ Rxb8 24. Na5 Ra8 25. Nc6 Qe8 26. Rb1 Bf8 27. a5 Qc8 28.
Qb3 Nf6 29. f3 c4 30. Qb7 Qxb7 31. Rxb7 Nc5 32. Rb8 Rxb8 33. Nxb8 c3 34. Bxc3
Bh6 35. Kf2 Nfxe4+ 36. fxe4 Nxe4+ 37. Kf3 Nxc3 38. a6 e4+ 39. Kf2 Nxd5 40. Nd7
Be3+ 41. Kf1 Bd4 42. g3 Ne3+ 43. Kg1 f5 44. Kh2 Kf7 45. Nb8 Ke6 46. Nc6 Bb6 47.
a7 Bxa7 48. Nxa7 d5 49. Kg1 d4 50. Kf2 Kd5 51. Nb5 g5 52. Nc7+ Ke5 53. Nb5 f4
54. gxf4+ gxf4 55. Na3 d3 56. Bh5 d2 0-1

[Event "USCL Blitz Tiebreak: Dallas vs Boston"]
[Site "Internet Chess Club"]
[Date "2007.11.28"]
[Round "13"]
[White "Christiansen, Larry"]
[Black "Kuljasevic, Davorin"]
[Result "1/2-1/2"]
[WhiteElo "2669"]
[BlackElo "2491"]
[PlyCount "91"]
[EventDate "2007.??.??"]

1. d4 d5 2. c4 c6 3. Nf3 Nf6 4. Nc3 dxc4 5. a4 Bf5 6. Nh4 Bg4 7. h3 Bh5 8. g4
Bg6 9. Nxg6 hxg6 10. e3 e6 11. Bxc4 Bb4 12. Bd2 Nbd7 13. g5 Nd5 14. e4 N5b6 15.
Bb3 c5 16. a5 cxd4 17. Nb5 Bxd2+ 18. Qxd2 Nc8 19. Qxd4 O-O 20. h4 a6 21. Nc3
Nb8 22. Qxd8 Rxd8 23. h5 Ne7 24. f4 Nbc6 25. hxg6 Nxg6 26. f5 Nd4 27. fxg6 Nxb3
28. Ra4 fxg6 29. Rb4 Nxa5 30. Rb6 Kf7 31. Ne2 Rac8 32. O-O+ Ke7 33. b4 Nc4 34.
Rxb7+ Rd7 35. Rf7+ Kxf7 36. Rxd7+ Kg8 37. Nf4 Rb8 38. Nxe6 Rxb4 39. Rxg7+ Kh8
40. Rxg6 Ne5 41. Rh6+ Kg8 42. Nc5 Rc4 43. Nxa6 Rxe4 44. Rb6 Rg4+ 45. Kf1 Rxg5
46. Nc5 1/2-1/2

[Event "USCL Blitz Tiebreak: Dallas vs Boston"]
[Site "Internet Chess Club"]
[Date "2007.11.28"]
[Round "13"]
[White "Christiansen, Larry"]
[Black "Boskovic, Drasko"]
[Result "0-1"]
[WhiteElo "2669"]
[BlackElo "2520"]
[PlyCount "126"]
[EventDate "2007.??.??"]

1. c4 c5 2. Nf3 g6 3. e4 Nc6 4. d4 cxd4 5. Nxd4 Nf6 6. Nc3 Nxd4 7. Qxd4 d6 8.
Be2 Bg7 9. Bg5 O-O 10. Qd2 a5 11. O-O a4 12. Rab1 Qa5 13. f3 Be6 14. Rfc1 Rfc8
15. Nb5 Qxd2 16. Bxd2 Nd7 17. Bc3 Nc5 18. Bxg7 Kxg7 19. Nd4 Ra6 20. b4 axb3 21.
axb3 Ra2 22. Bf1 Bd7 23. b4 Ne6 24. Nxe6+ Bxe6 25. c5 dxc5 26. Rxc5 Rc2 27.
Rxc8 Bxc8 28. Rd1 Rb2 29. b5 Be6 30. Rc1 Rd2 31. Rc7 Rd7 32. Rc5 Rd2 33. h4 h6
34. Rc7 Rd7 35. Rxd7 Bxd7 36. b6 e5 37. Kf2 Kf6 38. Bc4 Be6 39. Ba6 Bc8 40. Bc4
Ke7 41. Kg3 f6 42. f4 Kd6 43. Bf7 g5 44. fxg5 fxg5 45. hxg5 hxg5 46. Bg6 Ke7
47. Bh5 Bd7 48. Bg4 Bc6 49. Bc8 Bxe4 50. Kg4 Kf6 51. g3 Bc6 52. Bf5 e4 53. Bh7
e3 54. Bd3 Bd5 55. Be2 Be4 56. Bc4 Ke5 57. Be2 Kd4 58. Kxg5 Bd3 59. Bf3 e2 60.
Bxe2 Bxe2 61. g4 Kc5 62. Kf4 Kxb6 63. g5 Bh5 0-1